In memorian Mario y Elsa: memorias
Con ocasión del Día Nacional de los Derechos Humanos, se celebro el Primer Congreso Distrital de Defensores de los Derechos Humanos, como respuesta al sin número de atentados contra activistas de derechos humanos en Colombia.
Zapisane w:
| Korporacja: | |
|---|---|
| Format: | Materiały konferencyjne Książka |
| Język: | Spanish |
| Wydane: |
Bogotá:
Personería Distrital,
1998
|
| Wydanie: | 1 |
| Hasła przedmiotowe: | |
| Dostęp online: | Enlace del recurso |
| Etykiety: |
Dodaj etykietę
Nie ma etykietki, Dołącz pierwszą etykiete!
|
MARC
| LEADER | 00000nam a2200000 a 4500 | ||
|---|---|---|---|
| 001 | 000929 | ||
| 008 | 030423s1998 ck # fr# #000|0#spa#d | ||
| 041 | 0 | |a spa | |
| 043 | |a s-ck--- | ||
| 082 | 0 | 4 | |a 323 |b C553m |
| 111 | 2 | |a Congreso Distrital de Derechos Humanos |n (1 : |d 1997 : Sep. 8-9 : |c Bogotá) | |
| 245 | 1 | 0 | |a In memorian Mario y Elsa: |b memorias |c Congreso Distrital de Derechos Humanos |
| 250 | |a 1 | ||
| 260 | |a Bogotá: |b Personería Distrital, |c 1998 | ||
| 300 | |a 58 p. | ||
| 520 | 3 | |a Con ocasión del Día Nacional de los Derechos Humanos, se celebro el Primer Congreso Distrital de Defensores de los Derechos Humanos, como respuesta al sin número de atentados contra activistas de derechos humanos en Colombia. | |
| 650 | 1 | 4 | |a DERECHOS HUMANOS |z COLOMBIA |
| 650 | 1 | 4 | |a DERECHOS CIVILES |
| 900 | |a 20030423 | ||
| 999 | |c 3081 |d 3081 | ||
| 856 | |u https://catalogo.idep.edu.co/cgi-bin/koha/opac-detail.pl?biblionumber=3081 |z Enlace del recurso | ||